| 000 | 00641nam a2200193Ia 4500 | ||
|---|---|---|---|
| 008 | 151121s9999||||xx |||||||||||||| ||und|| | ||
| 082 | _a833/पांडेय | ||
| 082 | _bHNW-54352 | ||
| 100 | _aपांडेय रुपनारायण-अनु। | ||
| 245 | _aकमला | ||
| 260 | _b"सन्मार्ग प्रकाशन, दिल्ली।" | ||
| 260 | _c-- | ||
| 300 | _a167 | ||
| 600 | _aपांडेय रुपनारायण-अनु। | ||
| 630 | _aकमला | ||
| 700 | _aपांडेय रुपनारायण-अनु। | ||
| 730 | _aकमला | ||
| 942 | _cBOOK | ||
| 999 |
_c1237654 _d1237651 |
||